Franchise International Malaysia 2007 Exhibition & Conference.
| Corporate Author: | |
|---|---|
| Format: | Book |
| Published: |
[S.l]:
[s.n],
2007.
|
| Subjects: |
| LEADER | 00550cam a2200157 7i4500 | ||
|---|---|---|---|
| 001 | 0000019889 | ||
| 005 | 20071102090000.0 | ||
| 090 | 0 | 0 | |a M 381.13025 |b MIN |
| 110 | 2 | 0 | |a Ministry of Entrepreneur & Cooperative Development [MECD] |
| 245 | 2 | 0 | |a Franchise International Malaysia 2007 Exhibition & Conference. |
| 260 | 0 | 0 | |a [S.l]: |b [s.n], |c 2007. |
| 300 | # | # | |a 102 p. |
| 650 | 0 | 0 | |a Franchises (Retail trade) -- |x Directories -- |z Malaysia |
| 650 | 0 | 0 | |a Franchising -- |z Malaysia |
| 651 | 0 | 0 | |a Malaysia |
| 999 | |a 0000021289 |b Directories |c Malaysia |e Business Information Centre | ||